Which Chinese Province...? - Statistics

General Stats
  • This quiz has been taken 27 times
  • The average score is 12 of 16
Answer Stats
Hint Answer % Correct
...used to be known as East Turkestan? Xinjiang
89%
...is an island? Hainan
84%
...is where the Covid Pandemic started? Hubei
84%
...is home to more Mongolians than Mongolia? Inner Mongolia
84%
...is very similarly named to Shanxi? Shaanxi
84%
...was annexed in 1951? Tibet
84%
...is the most populous? Guangdong
79%
...surrounds Beijing and Tianjin? Hebei
79%
...is the birthplace of Jackie Chan and Chow Yun-Fat? Hong Kong
79%
...is located just across Taiwan? Fujian
74%
...stretches from central China to the Mongolian border? Gansu
74%
...hosts the Harbin Ice Festival? Heilongjiang
74%
...contains the sources of both the Yangtze and Yellow River? Qinghai
74%
...includes the cities Dalian and Shenyang? Liaoning
68%
...is home to Shaolin Monastery? Henan
63%
...has the highest population density? Macau
63%
No matching quizzes found
Score Distribution
Percent of People with Each Score
Percentile by Number Answered
Your Score History
You have not taken this quiz